000 00573nam a22002297a 4500
003 UA-OsUOA
001 53290
007 ta
008 20080327b un ||||| |||| 00| 0 ukr d
100 _aПриступ Н.
700 _aМаковицька С.
090 _a94(477)
_bП-32
942 _cSA
040 _aUA-OsUOA
_bukr
_cUA-OsUOA
_dUA-OsUOA
245 _aАгентура з тризубом
300 _aС.8
955 _a0
041 _aukr
080 _a94(477)
773 0 _w53289
650 7 _a9 Географія. Біографії. Історія
_2UDC
999 _c339378
_d339378